000 01243 a2200229 4500
003 Nust
005 20221121114806.0
010 _a 96017867
020 _a0135885183
040 _cNust
082 0 0 _a621.381,HOW
100 1 _aHowe, Roger Thomas.
_9103251
245 1 0 _aMicroelectronics :
_ban integrated approach /
_cRoger T. House, Charles G. Sodini.
260 _aUpper Saddle River, N.J. :
_bPrentice Hall,
_cc1997.
300 _axx, 908 p. :
_bill. ;
_c26 cm.
440 0 _aPrentice Hall electronic and VLSI series
_9103252
505 _aIntroduction to microlectronics (Page-1), Semiconductor Physics and IC technology (Page-21), pn Junication and MOS electrostatics (Page-87), The MOS Filed Effect Transistor (Page-193), Digital circuits using MOS transistors (Page-259), The pn Jinction diode (Page-331), The Bipolar Junction Transistor (Page-391), Single stage Bipolar MOS Transistor amplifiers (Page-461), Multistage amplifiers (Page-559), Frequency response (Page-619), Differential amplifiers (Page-685), Feedback and operational ampllifiers (Page-751), MOS memories (Page-839),
650 0 _aMicroelectronics.
650 0 _aSolid state electronics.
_910194
700 1 _aSodini, Charles Giona.
_9103253
942 _2ddc
_cBK
999 _c178608
_d178608